The Speakers of the House.

Bibliographic Details
Main Author: Fuller, Hubert Bruce, 1880-1957
Format: Book
Language:English
Published: New York : Arno Press, 1974
Series:Politics and people: the ordeal of self-government in America.
Subjects:

MARC

Tag First Indicator Second Indicator Subfields
LEADER 00000cam a2200000 4500
001 in00000020230
005 20151007053846.0
008 740130r1974 nyuc 00100 eng
010 |a  73019147  
020 |a 0405058713 
035 |a (OCoLC)00810347 
035 |9 AAB3068AM 
040 |a DLC  |c DLC  |d m.c.  |d TXA  |d UtOrBLW 
043 |a n-us--- 
049 |a TXAM  |c [1184464] 
050 0 0 |a JK1411  |b .F9 1974 
082 0 |a 328.73/07/2 
100 1 |a Fuller, Hubert Bruce,  |d 1880-1957. 
245 1 4 |a The Speakers of the House. 
264 1 |a New York :  |b Arno Press,  |c 1974 
264 4 |c [©1909] 
300 |a viii, 311 pages :  |b portrait ;  |c 21 cm. 
336 |a text  |b txt  |2 rdacontent 
337 |a unmediated  |b n  |2 rdamedia 
338 |a volume  |b nc  |2 rdacarrier 
490 1 |a Politics and people: the ordeal of self-government in America 
500 |a Reprint of the edition published by Little, Brown, Boston. 
610 1 0 |a United States.  |b Congress.  |b House  |x Speakers. 
830 0 |a Politics and people: the ordeal of self-government in America. 
999 |a MARS 
999 f f |s b5cda3a2-244f-3baf-b883-aa6c22c2663c  |i 418351c5-6c6e-3508-8dcb-bc5ebd12cc2e  |t 0 
952 f f |p ric  |a Texas A&M University  |b Rellis Campus  |c Joint Library Facility  |d Remote Storage  |t 0  |e JK1411 .F9 1974  |h Library of Congress classification  |i unmediated -- volume  |m A14809480898 
998 f f |a JK1411 .F9 1974  |t 0  |l Remote Storage